Yoga for Diseases and Holistic Health/ (Record no. 210303)
[ view plain ]
| 000 -LEADER | |
|---|---|
| fixed length control field | 00642nam a2200193 4500 |
| 005 - DATE AND TIME OF LATEST TRANSACTION | |
| control field | 20250317113623.0 |
| 010 ## - LCCN (DPL NO) | |
| LC control number | ENG-144096 |
| 020 ## - INTERNATIONAL STANDARD BOOK NUMBER | |
| International Standard Book Number | 9789390951727 |
| Terms of availability | 275.00 |
| 035 ## - SYSTEM CONTROL NUMBER | |
| System control number | EN-127628 |
| 082 ## - DEWEY DECIMAL CLASSIFICATION NUMBER | |
| Classification number | 613.7046 |
| 245 ## - TITLE STATEMENT | |
| Title | Yoga for Diseases and Holistic Health/ |
| Statement of responsibility, etc | M. Shobitha [and] Manisha Jindal [and] Yogesh Tripathi |
| 260 ## - PUBLICATION, DISTRIBUTION, ETC. (IMPRINT) | |
| Place of publication, distribution, etc | Noida |
| Name of publisher, distributor, etc | Allied Publishers Pvt. Ltd. |
| 270 ## - ADDRESS | |
| Address | D-5, Sector-2, Noida-201301 |
| 300 ## - PHYSICAL DESCRIPTION | |
| Extent | vi,94p. |
| Dimensions | 22cm (pb) |
| 700 ## - ADDED ENTRY--PERSONAL NAME | |
| Personal name | Shobita, M |
| 9 (RLIN) | 79637 |
| Relator term | Editor |
| 700 ## - ADDED ENTRY--PERSONAL NAME | |
| Personal name | Jindal, Manisha |
| Relator term | Editor |
| 9 (RLIN) | 79640 |
| 700 ## - ADDED ENTRY--PERSONAL NAME | |
| Personal name | Tripathi, Yogesh |
| Relator term | Editor |
| 9 (RLIN) | 79641 |
| 942 ## - ADDED ENTRY ELEMENTS (KOHA) | |
| Source of classification or shelving scheme | Dewey Decimal Classification |
| Item type | English Books |
| Classification part | 613.7046 |
| Call number suffix | SHO |
| Withdrawn status | Lost status | Not for loan | Collection code | Home library | Current library | Date acquired | Source of acquisition | Cost, normal purchase price | Full call number | Barcode | Cost, replacement price | Koha item type |
|---|---|---|---|---|---|---|---|---|---|---|---|---|
| Non-fiction | Janak Puri | Janak Puri | 17/03/2025 | DBAD | 275.00 | 613.7046 SHO | EN-127628 | 275.00 | English Books |
